| 000 | 00712nam a22001937a 4500 | ||
|---|---|---|---|
| 999 |
_c15635 _d15635 |
||
| 008 | 201013b ||||| |||| 00| 0 eng d | ||
| 020 | _a9715504930 | ||
| 082 |
_22005 _aDFil 781.62992 _bM81 |
||
| 100 |
_aMora, Manolete _942306 |
||
| 245 |
_aMyths, mimesis and magic in the music of the T'boli, Philippines/ _cManolete Mora |
||
| 260 |
_aQuezon City: _bADMU Press, _c c2005. |
||
| 300 |
_aviii, 233 pages: _billustrations; _c23 cm. |
||
| 500 | _aIncludes bibliographical references and index. | ||
| 650 |
_aMusic -- Mindanao -- History and criticism. _942307 |
||
| 650 |
_aMusic and oral literature. _942308 |
||
| 650 |
_aEthnomusicology. _942309 |
||
| 760 | _bMindanao Studies series | ||
| 942 |
_2ddc _cDFIL |
||